| 000 | 00340nam a2200133Ia 4500 | ||
|---|---|---|---|
| 008 | 240624s9999 xx 000 0 und d | ||
| 041 | _aeng | ||
| 082 | _a650.144 PAD | ||
| 100 | _aPADHY KISHORE C | ||
| 245 | _aTO Z OF INTERVIEW | ||
| 260 |
_c2008 _aNew Delhi _bHimalaya Publishing House |
||
| 300 | _a166 : p. : cm. ; 21 | ||
| 365 |
_cRS _b25 |
||
| 999 |
_c12097 _d12097 |
||